Ocean's 8 : Personnages - Statistiques

Statistiques générales
  • Ce quiz a été pris 14 fois
  • Le résultat moyen est 6 sur 11
Statistiques - réponses
Hint Réponse % Correct
2 Lou Miller
82%
1 Debbie Ocean
73%
5 Nine Ball
64%
6 Daphnée Kluger
55%
3 Rose Weil
55%
4 Tammy
55%
7 Amita
45%
8 Constance
45%
10 Claude Becker
36%
11 John Frazier
27%
9 Penelope Stern
18%
Aucun quiz correspondant
Distribution des résultats
% des personnes avec chaque résultat
Percentile par nombre de réponses
Votre historique - résultats
Vous n’avez pas pris ce quiz